00667 2200193 4500001002100000005001500021035002000036007000300056008004100059020001800100082001000118084001600128100004000144245013300184250000600317260003700323300004100360600007200401INLIS00000000000002420240424110215 a0010-0424000001ta240424 e 0 ind  a9786026450326 a618.2 a618.2 Tri A0 aTria Eni Rafika Devi, S.S.T., M.Kes1 aAsuhan Kebidanan Kehamilan :bDilengkapi Contoh uji soal kompetensi bidan, jobsheet, daftar tilik dan dokumentasi berbasis bukti a1 aJakarta :bSalemba Medika,c2019 a322 :bilustrasi berwarna ;c15 X 23 4akesehatan, kedokteran, kebidanan, keperawatan, kehamilan, ibu hamil